<?xml version="1.0" encoding="UTF-8"?>
<record
    xmlns:xsi="http://www.w3.org/2001/XMLSchema-instance"
    xsi:schemaLocation="http://www.loc.gov/MARC21/slim http://www.loc.gov/standards/marcxml/schema/MARC21slim.xsd"
    xmlns="http://www.loc.gov/MARC21/slim">

  <leader>01149nam a2200157   4500</leader>
  <controlfield tag="008">708 A675a</controlfield>
  <datafield tag="020" ind1=" " ind2=" ">
    <subfield code="a">9788482155456</subfield>
  </datafield>
  <datafield tag="082" ind1=" " ind2=" ">
    <subfield code="a">708</subfield>
    <subfield code="b">A675a</subfield>
  </datafield>
  <datafield tag="100" ind1=" " ind2=" ">
    <subfield code="a">Anglada, Cristina </subfield>
    <subfield code="9">7097</subfield>
  </datafield>
  <datafield tag="245" ind1=" " ind2=" ">
    <subfield code="a">ARCO:</subfield>
    <subfield code="b">Feria Internacional de Arte Contempor&#xE1;neo </subfield>
  </datafield>
  <datafield tag="260" ind1=" " ind2=" ">
    <subfield code="a">Madrid</subfield>
    <subfield code="b">ARCOmadrid</subfield>
    <subfield code="b">IFEMA, Feria de Madrid</subfield>
    <subfield code="c">2019</subfield>
  </datafield>
  <datafield tag="300" ind1=" " ind2=" ">
    <subfield code="a">567 p.</subfield>
    <subfield code="b">il. (col)</subfield>
    <subfield code="c">24 x 16,5 cm</subfield>
  </datafield>
  <datafield tag="505" ind1=" " ind2=" ">
    <subfield code="t">Comit&#xE9; de Honor - Committee of Honour </subfield>
    <subfield code="t">Comit&#xE9; Organizador - Organising Committee</subfield>
    <subfield code="t">Organizaci&#xF3;n - Organisation</subfield>
    <subfield code="t">Comisario de ARCOmadrid 2019 - ARCOmadrid 2019 Curators</subfield>
    <subfield code="t">Comit&#xE9; Apoyo Per&#xFA; en ARCO - Support Committee Peru in ARCO </subfield>
    <subfield code="t">Per&#xFA; Comit&#xE9; Organizador - Organising Committee Peru </subfield>
    <subfield code="t">Indices - Indexes </subfield>
    <subfield code="t">Galer&#xED;as y Secciones - Galleries and Sections </subfield>
    <subfield code="t">Galer&#xED;as - Galleries </subfield>
    <subfield code="t">Proyectos Institucionales - Institutional Projects </subfield>
    <subfield code="t">ARCO Espacios Culturales - ARCO Cultural Spaces </subfield>
    <subfield code="t">Librer&#xED;as - Bookshops </subfield>
    <subfield code="t">Revistas - Magazines </subfield>
    <subfield code="t">Publicidad - Publicity </subfield>
    <subfield code="t">Indices - Indexes </subfield>
    <subfield code="t">Galer&#xED;as por Pa&#xED;ses y Artistas - Galleries by Countris and Artists</subfield>
  </datafield>
  <datafield tag="650" ind1=" " ind2=" ">
    <subfield code="x">arte contempor&#xE1;neo </subfield>
    <subfield code="x">arte - exhibiciones</subfield>
    <subfield code="x">arte - feria </subfield>
    <subfield code="9">7098</subfield>
  </datafield>
  <datafield tag="700" ind1=" " ind2=" ">
    <subfield code="a">de Me&#xF1;aka, Amaia (edici&#xF3;n) </subfield>
    <subfield code="9">7099</subfield>
  </datafield>
  <datafield tag="999" ind1=" " ind2=" ">
    <subfield code="c">1811</subfield>
    <subfield code="d">1811</subfield>
  </datafield>
  <datafield tag="952" ind1=" " ind2=" ">
    <subfield code="0">0</subfield>
    <subfield code="1">0</subfield>
    <subfield code="2">ddc</subfield>
    <subfield code="4">0</subfield>
    <subfield code="7">0</subfield>
    <subfield code="a">LV</subfield>
    <subfield code="b">LV</subfield>
    <subfield code="c">Eventos y Bienales</subfield>
    <subfield code="d">2019-07-06</subfield>
    <subfield code="l">0</subfield>
    <subfield code="o">708 A675a</subfield>
    <subfield code="p">004808</subfield>
    <subfield code="r">2019-07-06 00:00:00</subfield>
    <subfield code="w">2019-07-06</subfield>
    <subfield code="y">01</subfield>
  </datafield>
</record>
